00304nam a2200097Ia 4500008004100000020001800041100002400059245006900083260003700152300001700189180205s9999 xx 000 0 und d a9781305877719 aKirkpatrick, Lee A. cFeeney, Brooke C.aA simple guide to IBM SPSS for version 23.0 / aCanada :bCencage learningc2016 av, 114 pages